| 000 | 01497nam a2200373 a 4500 | ||
|---|---|---|---|
| 001 | ebr10535743 | ||
| 003 | CaPaEBR | ||
| 006 | m u | ||
| 007 | cr cn||||||||| | ||
| 008 | 110907s2012 miuad sb 001 0 eng d | ||
| 010 | _z 2011037285 | ||
| 020 | _z9780472118090 (cloth alk. paper) | ||
| 020 | _z9780472028184 (e-book) | ||
| 040 |
_aCaPaEBR _cCaPaEBR |
||
| 035 | _a(OCoLC)780300192 | ||
| 043 | _an-us--- | ||
| 050 | 1 | 4 |
_aKF4937 _b.T39 2012eb |
| 082 | 0 | 4 |
_a328.73/05 _223 |
| 100 | 1 |
_aTaylor, Andrew J., _d1966- |
|
| 245 | 1 | 4 |
_aThe floor in Congressional life _h[electronic resource] / _cAndrew J. Taylor. |
| 260 |
_aAnn Arbor : _bUniversity of Michigan Press, _c2012. |
||
| 300 |
_ax, 254 p. : _bill. |
||
| 490 | 1 | _aLegislative politics & policy making | |
| 504 | _aIncludes bibliographical references and index. | ||
| 505 | 0 | _apt. 1. Floor power and rights -- pt. 2. Floor proceedings. | |
| 533 |
_aElectronic reproduction. _bPalo Alto, Calif. : _cebrary, _d2013. _nAvailable via World Wide Web. _nAccess may be limited to ebrary affiliated libraries. |
||
| 610 | 1 | 0 |
_aUnited States. _bCongress _vRules and practice. |
| 650 | 0 |
_aLegislation _zUnited States. |
|
| 650 | 0 |
_aParliamentary practice _zUnited States. |
|
| 655 | 7 |
_aElectronic books. _2local |
|
| 710 | 2 | _aebrary, Inc. | |
| 830 | 0 | _aLegislative politics & policy making. | |
| 856 | 4 | 0 |
_uhttp://site.ebrary.com/lib/rucke/Doc?id=10535743 _zAn electronic book accessible through the World Wide Web; click to view |
| 999 |
_c132907 _d132907 |
||